00387nam a2200157 a 45000010005000000030009000050080041000140400028000550820017000831000015001002450023001152600035001383000010001734900011001836500035001945884CO-ViMGA141112s2004 ck r 000 u spa d aCO-ViMGAbspacCO-ViMGA04a923.1 C171ka1 aKaus, Gina10aCatalina la grande aBarcelona : bJuventud, c1985 a352 p az, 26114aCATALINA LA GRANDE 1729 - 1796